000 01235nam a22002295i 4500
001 165079
003 ES-MaACL
005 20250824064420.0
008 000207s1847 sp |||| | spa d
040 _aCAM
_bspa
_cCAM
100 0 _aScribe, Eugène.
_9104966
245 1 3 _aLa pena del Talion
_b: comedia en un acto /
_cescrita en francés por Scribe ; y arreglada a la escena española por Ramon de Navarrete.
260 _aMadrid :
_b[s.n.],
_c1847 (
_fImprenta de Antonio Yenes)
300 _a36 p. ;
_c17 cm.
490 1 _aGalería dramática : colección de las mejores obras del teatro antiguo y moderno español y del estrangero por los principales autores
500 _aEn port.: Estrenada en el teatro del Príncipe el 1º de junio de 1847.
598 _aMención de serie tomada de la cub.
700 1 _aNavarrete, Ramón de,
_d1818-1897
_985042
830 0 0 _aGalería dramática: colección de las mejores obras del teatro antiguo y moderno español y estrangero por los principales autores
_9242028
852 _aES-MaACL
_jF-8642(4)
_z-- Enc. hol., falto de la cub. original
_z-- Enc. en un vol. facticio formando parte de la col. facticia "Teatro español moderno" v. 99
999 _c165079
_d165079